[Event "FRM-chT2"]
[White "Glavinac, Goran"]
[Black "Stojchev, Goce"]
[Site "Struga"]
[Round "7.2"]
[Result "1/2-1/2"]
[Date "2024.07.11"]
[WhiteElo "2013"]
[BlackElo "2244"]
[PlyCount "49"]
[EventDate "2024.07.07"]
[EventType "team-tourn"]
[EventRounds "9"]
[EventCountry "MKD"]
[SourceTitle "EXT 2025"]
[Source "ChessBase"]
[SourceDate "2024.10.14"]
[SourceVersion "1"]
[SourceVersionDate "2024.10.14"]
[SourceQuality "1"]

1. Nf3 Nf6 2. g3 g6 3. b3 Bg7 4. Bb2 b6 5. Bg2 Bb7 6. 0-0 0-0 7. c4 c5 8. Nc3 d5 9. Nxd5 Nxd5 10. Bxg7 Kxg7 11. cxd5 Qxd5 12. d4 cxd4 13. Qxd4+ Qxd4 14. Nxd4 Bxg2 15. Kxg2 Nd7 16. Rfd1 Nf6 17. Kf3 Rac8 18. Rdc1 Rfd8 19. Nc6 Rd7 20. Rc2 Rdc7 21. Rac1 e6 22. Nd4 Rxc2 23. Rxc2 Rxc2 24. Nxc2 Nd7 25. Ke3 1/2-1/2

[Event "FRM-chT2"]
[White "Stojchev, Goce"]
[Black "Nolevski, Aleksandar"]
[Site "Struga"]
[Round "4.1"]
[Result "1/2-1/2"]
[Date "2024.07.09"]
[WhiteElo "2244"]
[BlackElo "1966"]
[PlyCount "41"]
[EventDate "2024.07.07"]
[EventType "team-tourn"]
[EventRounds "9"]
[EventCountry "MKD"]
[SourceTitle "EXT 2025"]
[Source "ChessBase"]
[SourceDate "2024.10.14"]
[SourceVersion "1"]
[SourceVersionDate "2024.10.14"]
[SourceQuality "1"]

1. Nf3 Nf6 2. g3 g6 3. Bg2 Bg7 4. 0-0 0-0 5. d4 d6 6. c4 Nc6 7. Nc3 e5 8. d5 Ne7 9. e4 Bg4 10. h3 Bd7 11. Bg5 Qc8 12. Kh2 h6 13. Be3 Kh7 14. Ne1 Nh5 15. Nd3 f5 16. exf5 Nxf5 17. g4 Nxe3 18. fxe3 Nf6 19. Ne4 Qd8 20. Qe2 Qe7 21. Rf2 1/2-1/2

[Event "FRM-chT 31st"]
[White "Trajanovski, Ratko"]
[Black "Stojchev, Goce"]
[Site "Ohrid"]
[Round "3.3"]
[Result "1/2-1/2"]
[Date "2023.08.28"]
[WhiteElo "2142"]
[BlackElo "2241"]
[PlyCount "60"]
[EventDate "2023.08.26"]
[EventType "team-tourn"]
[EventRounds "7"]
[EventCountry "MKD"]
[SourceTitle "CBM 216 Extra"]
[Source "ChessBase"]
[SourceDate "2023.11.30"]
[SourceVersion "1"]
[SourceVersionDate "2023.11.30"]
[SourceQuality "1"]
[WhiteTeam "Shipkovica Anpasan"]
[BlackTeam "Skopje Shkupi"]
[WhiteTeamCountry "MKD"]
[BlackTeamCountry "MKD"]

1. d4 Nf6 2. Nf3 g6 3. c4 Bg7 4. Nc3 0-0 5. e4 d6 6. h3 Nc6 7. Be3 e5 8. d5 Ne7 9. Qd2 Ne8 10. g4 c5 11. Bh6 a6 12. 0-0-0 Bd7 13. Bd3 b5 14. Rdg1 f6 15. h4 Rf7 16. Ne1 Nc7 17. Bxg7 Rxg7 18. g5 Nc8 19. h5 Be8 20. hxg6 Bxg6 21. Nf3 Nb6 22. Nh4 Nxc4 23. Bxc4 bxc4 24. f4 fxg5 25. Rxg5 exf4 26. Qxf4 Qf8 27. Qg3 Qf6 28. Rg1 Rd8 29. Nf5 Rgd7 30. Nh4 Rg7 1/2-1/2

[Event "FRM-chT 31st"]
[White "Stojchev, Goce"]
[Black "Gotovusa, Goran"]
[Site "Ohrid"]
[Round "2.3"]
[Result "1/2-1/2"]
[Date "2023.08.27"]
[WhiteElo "2241"]
[BlackElo "2172"]
[PlyCount "23"]
[EventDate "2023.08.26"]
[EventType "team-tourn"]
[EventRounds "7"]
[EventCountry "MKD"]
[SourceTitle "CBM 216 Extra"]
[Source "ChessBase"]
[SourceDate "2023.11.30"]
[SourceVersion "1"]
[SourceVersionDate "2023.11.30"]
[SourceQuality "1"]
[WhiteTeam "Skopje Shkupi"]
[BlackTeam "Prilep Pelagon"]
[WhiteTeamCountry "MKD"]
[BlackTeamCountry "MKD"]

1. Nf3 d5 2. g3 Nf6 3. Bg2 Nbd7 4. 0-0 e5 5. d3 Be7 6. Nc3 c6 7. e4 dxe4 8. dxe4 0-0 9. Qe2 a5 10. Rd1 Qc7 11. a4 h6 12. Nh4 1/2-1/2

[Event "FRM-chT 18th"]
[White "Ilic, Ljubomir"]
[Black "Stojchev, Goce"]
[Site "Struga"]
[Round "4"]
[Result "0-1"]
[Date "2009.08.13"]
[WhiteElo "2296"]
[BlackElo "2247"]
[PlyCount "79"]
[EventDate "2009.08.10"]
[EventType "team-tourn"]
[EventRounds "7"]
[EventCountry "MKD"]
[SourceTitle "CBM 131 Extra"]
[Source "ChessBase"]
[SourceDate "2009.09.03"]
[SourceVersion "2"]
[SourceVersionDate "2009.09.16"]
[SourceQuality "1"]

1. g3 d5 2. Bg2 Nf6 3. c4 e6 4. Nf3 c6 5. b3 Be7 6. 0-0 0-0 7. Ba3 b6 8. d4 Bb7 9. Qc2 Bxa3 10. Nxa3 Qe7 11. Qb2 Nbd7 12. b4 a5 13. b5 c5 14. Rfd1 Rac8 15. Rac1 Rfd8 16. e3 Rc7 17. dxc5 Nxc5 18. cxd5 exd5 19. Nd4 Qe5 20. Qe2 Rdc8 21. Rc2 Nce4 22. Rdc1 Nc3 23. Qd2 Nfe4 24. Bxe4 Nxe4 25. Qd1 Nc5 26. Nb1 h6 27. Nd2 Nd3 28. N2f3 Rxc2 29. Rxc2 Rxc2 30. Nxe5 Rc1 31. Qxc1 Nxc1 32. a3 Bc8 33. Kf1 Na2 34. Ke2 Nc3+ 35. Kd3 Ne4 36. f3 Nc5+ 37. Kc2 Kf8 38. Nd3 Nxd3 39. Kxd3 Ke7 40. Ne2 0-1

[Event "FRM-chT"]
[White "Jacimovic, Dragoljub"]
[Black "Stojchev, Goce"]
[Site "Struga"]
[Round "7"]
[Result "1/2-1/2"]
[Date "2007.07.29"]
[WhiteElo "2406"]
[BlackElo "2264"]
[PlyCount "25"]
[EventDate "2007.07.23"]
[EventType "team-tourn"]
[EventRounds "7"]
[EventCountry "MKD"]
[SourceTitle "CBM 119 Extra"]
[Source "ChessBase"]
[SourceDate "2007.09.04"]
[SourceVersion "1"]
[SourceVersionDate "2007.09.04"]
[SourceQuality "1"]

1. d4 d5 2. c4 c6 3. cxd5 cxd5 4. Nc3 Nc6 5. Bf4 Bf5 6. e3 e6 7. Qb3 Qd7 8. Bb5 a6 9. Bxc6 Qxc6 10. Nf3 b5 11. 0-0 Bd6 12. Rfc1 Bxf4 13. exf4 1/2-1/2

[Event "FRM-chT Cup"]
[White "Stojchev, Goce"]
[Black "Ilic, Mihajlo"]
[Site "Struga"]
[Round "2"]
[Result "1/2-1/2"]
[Date "2005.05.05"]
[WhiteElo "2281"]
[BlackElo "2183"]
[PlyCount "47"]
[EventDate "2005.05.04"]
[EventType "team-tourn"]
[EventRounds "5"]
[EventCountry "MKD"]
[SourceTitle "EXT 2006"]
[Source "ChessBase"]
[SourceDate "2005.11.24"]
[SourceVersion "1"]
[SourceVersionDate "2005.11.24"]
[SourceQuality "1"]

1. e4 c5 2. Nf3 e6 3. d4 cxd4 4. Nxd4 Nf6 5. Nc3 Nc6 6. Ndb5 Bb4 7. a3 Bxc3+ 8. Nxc3 d5 9. exd5 exd5 10. Bd3 d4 11. Ne2 0-0 12. 0-0 Bg4 13. h3 Bh5 14. Bg5 Qd6 15. Re1 Rfe8 16. Qd2 Bg6 17. Ng3 Nd5 18. Ne4 Qf8 19. Bf4 Nxf4 20. Qxf4 Re5 21. Re2 Rae8 22. Rae1 a6 23. f3 h6 24. Kh2 1/2-1/2

[Event "FRM Cup 11th"]
[White "Stojchev, Goce"]
[Black "Kukutanov, Gorgi"]
[Site "Stip"]
[Round "2"]
[Result "1/2-1/2"]
[Date "2002.05.09"]
[WhiteElo "2272"]
[BlackElo "2212"]
[PlyCount "125"]
[EventDate "2002.05.08"]
[EventType "team-tourn"]
[EventRounds "5"]
[EventCountry "MKD"]
[SourceTitle "CBM 088 Extra"]
[Source "ChessBase"]
[SourceDate "2002.07.01"]
[SourceVersion "2"]
[SourceVersionDate "2002.07.01"]
[SourceQuality "1"]

1. e4 c5 2. Nf3 d6 3. d4 cxd4 4. Nxd4 Nf6 5. Nc3 a6 6. Bc4 e6 7. Bb3 Be7 8. Be3 Nc6 9. 0-0 Bd7 10. f4 Qc7 11. f5 Nxd4 12. Bxd4 e5 13. Be3 Bc6 14. Qf3 h6 15. Rad1 b5 16. Qg3 Kf8 17. Nd5 Bxd5 18. exd5 Ne4 19. Qf3 Nc5 20. c3 Bf6 21. Bc2 Ke7 22. Qf2 Rhc8 23. h4 Qd8 24. g3 a5 25. Rc1 b4 26. Bb1 bxc3 27. Rxc3 e4 28. Bxc5 dxc5 29. Rxc5 Kf8 30. Rfc1 e3 31. Qxe3 Bxb2 32. R1c2 Rcb8 33. a4 Qf6 34. R5c4 Kg8 35. Kg2 Re8 36. Qd3 Be5 37. Rc6 Bd6 38. Re2 Rxe2+ 39. Qxe2 Rb8 40. Bc2 Rd8 41. Kh3 Kf8 42. Qf3 Qe5 43. Bd3 Rb8 44. Bb5 Rd8 45. Rc4 Qf6 46. Qe4 Qa1 47. Rc2 Qa3 48. Qg2 Qe3 49. Re2 Qc3 50. Qf2 Qf6 51. Qf3 g6 52. Rf2 g5 53. hxg5 hxg5 54. Kg2 Rc8 55. Bc6 Rb8 56. Re2 Kg7 57. Bb5 Rh8 58. Qe4 Qc3 59. Qe3 Qf6 60. Qe4 Qa1 61. Re1 Qb2+ 62. Re2 Qa1 63. Re1 1/2-1/2